Statistics for Top 50 NBA Power Forwards All-Time

Click here to take the quiz!

General Stats

  • This quiz has been taken 197 times
  • The average score is 24 of 50

Answer Stats

RankPlayerRetired% Correct
1Tim Duncan2016
100%
3Kevin Garnett2016
95%
4Dirk Nowitzki2019
94%
2Karl Malone2004
93%
7Charles Barkley2000
87%
6Kevin McHale1993
82%
8Dennis Rodman2000
81%
11Anthony Davis-
77%
9Bob Pettit1965
76%
13Draymond Green-
75%
23Giannis Antetokounmpo-
75%
14Chris Bosh2016
71%
19Kevin Love-
67%
12Chris Webber2008
65%
5Elvin Hayes1984
65%
31Rasheed Wallace2013
65%
16Horace Grant2004
63%
21Shawn Kemp2003
62%
26Buck Williams1998
61%
17LaMarcus Aldridge-
60%
39Josh Smith2018
57%
22Amar'e Stoudemire2016
54%
18Blake Griffin-
52%
33Cliff Robinson1992
44%
34Zach Randolph2018
44%
44Antoine Walker2008
36%
37Jermaine O'Neal2014
36%
30Kevin Willis2007
35%
32Dave DeBusschere1974
33%
25Elton Brand2016
33%
29Maurice Lucas1988
33%
20Tom Chambers1998
31%
28Bob Boozer1971
30%
27Carlos Boozer2015
30%
36Larry Nance1994
26%
35David West2018
25%
48Serge Ibaka-
25%
50Al Jefferson2018
24%
24Antawn Jamison2014
24%
45Anthony Mason2003
23%
38Otis Thorpe2001
23%
47Kenyon Martin2015
21%
43Lamar Odom2013
21%
42Derrick Coleman2005
20%
10Vern Mikkelsen1959
20%
46David Lee2017
18%
49Kristaps Porziņģis-
18%
41Paul Silas1980
11%
40Danny Manning2003
10%
15Rudy Tomjanovich1981
6%

Score Distribution

Percentile by Number Answered

Percent of People with Each Score

Your Score History

You have not taken this quiz